000 00697nam a22001937a 4500
005 20120128153217.0
008 120128t xxu||||| |||| 00| 0 eng d
020 _a8175442336
_cprice not mentioned on the book
035 _aB-11243
040 _aDPL
_bENG
100 _aThorpe, Edgar
_940291
245 _aWheeler's Concise general knowledge digest :
_cby Edgar Thorpe and Showick Thorpe
250 _a2001 ed.
260 _aNew Delhi
_bWheeler Publishing
300 _a462p.
_c22 cms.
700 _aThorpe, Showick
_940292
942 _2ddc
_cEN
_h000
_mTHO
999 _c61604
_d61604